00687nam a2200193 i 450000100060000000300090000600500170001500700030003200800410003510000240007624501090010026000590020930000320026849000660030050000170036670000230038383000660040685200210047285706ES-MaACL20230906175305.0t|041130s1929 fr ||||1| fre d1 aJuan bXXII cPapa.10aLettres communes b: analysées d'après les registres dits d'Avignon et du Vatican / cpar G. Mollat. aParis : bAncienne Librairie Fontemoig et Cia, c1929. a22 fasc. en 1 v. ; c33 cm.1 aBibliothèque des Ecoles Françaises d'Athènes et de Rome aEs el v. 11.1 aMollat, Guillaume.0 aBibliothèque des Ecoles Françaises d'Athènes et de Rome aES-MaACLjC-7461